| 000 | 00767nam a22001457a 4500 | ||
|---|---|---|---|
| 020 | _a0-521-47629-1 | ||
| 082 |
_a823 _bOWE/S |
||
| 100 | _aO'NIEL, JUDITH | ||
| 245 | _aSPINDLE RIVER | ||
| 260 |
_aUNITED KINGDOM _bCAMBRIDGE UNIVERSITY PRESS _c1998 |
||
| 300 | _a186 | ||
| 520 | _aSpindle River is set in New Lanark in 1819. Christina Sinclair has travelled from the north of Scotland with her children to seek employment in the cotton mills. The story follows the children's triumphs and disasters as they struggle to settle to their new life. The story has links to the wider curriculum especially in relation to the Industrial Revolution, children can look for historical clues and period references whilst reading. | ||
| 650 |
_aNOVEL _zUNITED KINGDOM |
||
| 942 | _cBK | ||
| 999 |
_c3593 _d3593 |
||